[Event "Tourn. n10036"]
[Site "www.echecsemail.com"]
[Date "2019.02.12"]
[Round "1"]
[White "Fegatux"]
[Black "Apdash"]
[WhiteElo "2130"]
[BlackElo "2260"]
[Result "1-0"]
[Round "1"]
1.Ng1f3 d5
2.d4 Ng8f6
3.c4 e6
4.Nb1c3 Bf8e7
5.g3 O-O
6.Bf1g2 c6
7.O-O dxc4
8.Nf3e5 Nb8d7
9.Ne5xc4 Nd7b6
10.Nc4e5 Qd8c7
11.Bc1f4 Be7d6
12.Ra1c1 Nf6h5
13.Nc3b5 Qc7d8
14.Nb5xd6 Qd8xd6
15.Ne5c4 Qd6b4
16.Bf4d6 Qb4b5
17.Nc4xb6 axb6
18.Bd6xf8 Kxf8
19.Qd1c2 g6
20.b3 Qb5a5
21.a3 Qa5xa3
22.Qc2c3 Nh5g7
23.Rc1a1 Qa3xa1
24.Rf1xa1 Ra8xa1
25.Qc3xa1 Ke8
26.d5 Ng7f5
27.dxc6 bxc6
28.Bg2xc6 Ke7
29.Qa1a8 Nf5d6
30.e4 e5
31.Qa8a7 { resign }
1-0

[Event "Tourn. n10048"]
[Site "www.echecsemail.com"]
[Date "2019.02.12"]
[Round "1"]
[White "Fegatux"]
[Black "Cathar"]
[WhiteElo "2170"]
[BlackElo "2140"]
[Result "1-0"]
[Round "1"]
1.d4 Ng8f6
2.c4 g6
3.Nb1c3 Bf8g7
4.e4 d6
5.Ng1e2 O-O
6.Ne2g3 a6
7.a4 Nb8c6
8.Bf1e2 e5
9.d5 Nc6d4
10.Bc1e3 c5
11.O-O Nf6d7
12.f4 exf4
13.Be3xf4 Nd7e5
14.Ng3h1 b6
15.Nh1f2 Ra8b8
16.Bf4xe5 Bg7xe5
17.Nf2d3 Be5g7
18.Be2g4 b5
19.Bg4xc8 Qd8xc8
20.axb5 axb5
21.cxb5 Nd4xb5
22.Qd1d2 Rf8e8
23.Nc3xb5 Rb8xb5
24.Ra1a7 c4
25.Ra7xf7 cxd3
26.Qd2xd3 Qc8c5
27.Kh1 Rb5xb2
28.Qd3f3 Bg7h6
29.Qf3f6 Qc5c2
30.Rf7g7 Bh6xg7
31.Qf6f7 Kh8
32.Qf7xe8 Bg7f8
33.Qe8xf8 { resign }
1-0

[Event "Match"]
[Site "www.echecsemail.com"]
[Date "2019.02.12"]
[Round "1"]
[White "Hundegana"]
[Black "Apdash"]
[WhiteElo "2100"]
[BlackElo "2300"]
[Result "1/2-1/2"]
[Round "1"]
1.e4 c5
2.g3 g6
3.Bf1c4 Bf8g7
4.Qd1f3 e6
5.c3 Nb8c6
6.Ng1e2 Nc6e5
7.Qf3g2 Ne5xc4
8.d3 Nc4b6
9.Nb1d2 d5
10.exd5 exd5
11.Ne2f4 Ng8e7
12.O-O O-O
13.Nd2b3 c4
14.dxc4 Nb6xc4
15.Nb3d4 Bg7xd4
16.cxd4 Bc8e6
17.b3 Nc4d6
18.f3 Ne7f5
19.Rf1d1 Ra8c8
20.g4 Nf5h4
21.Qg2g3 Rc8c3
22.Rd1d3 Rc3xd3
23.Nf4xd3 g5
24.Nd3c5 b6
25.Nc5d3 h6
26.Bc1a3 Nd6f5
27.gxf5 Nh4xf5
28.Qg3e5 Rf8e8
29.Ra1c1 f6
30.Qe5e1 Nf5xd4
31.Kf2 Be6f5
32.Qe1f1 Re8e2
33.Kg1 Bf5xd3
34.Qf1h3 Bd3f5
35.Qh3xh6 Nd4xf3
36.Kf1 Re2xh2
37.Qh6f8 Qd8xf8
38.Ba3xf8 Rh2h1
39.Kf2 Rh1xc1
40.Bf8d6 { draw }
1/2-1/2

[Event "Match"]
[Site "www.echecsemail.com"]
[Date "2019.02.12"]
[Round "1"]
[White "Jaroslavpech"]
[Black "Tonino1"]
[WhiteElo "2530"]
[BlackElo "2240"]
[Result "1-0"]
[Round "1"]
1.d4 d6
2.c4 Ng8f6
3.Nb1c3 c6
4.Ng1f3 Qd8c7
5.e4 e5
6.Bf1e2 g6
7.Bc1e3 Nf6g4
8.Be3g5 Bf8g7
9.h3 Ng4f6
10.d5 c5
11.Qd1d2 h6
12.Bg5e3 O-O
13.Be3xh6 a5
14.O-O Nf6e8
15.Qd2g5 Bc8d7
16.Qg5h4 Qc7d8
17.Qh4xd8  { time }
1-0

[Event "Tourn. n10049"]
[Site "www.echecsemail.com"]
[Date "2019.02.12"]
[Round "1"]
[White "Fegatux"]
[Black "Cathar"]
[WhiteElo "2190"]
[BlackElo "2140"]
[Result "0-1"]
[Round "1"]
1.d4 Ng8f6
2.c4 g6
3.Nb1c3 Bf8g7
4.e4 d6
5.Bf1d3 O-O
6.Ng1e2 a6
7.O-O Nb8d7
8.Ne2g3 c5
9.d5 b5
10.cxb5 axb5
11.Bd3xb5 Bc8a6
12.Qd1e2 Qd8a5
13.Bb5xa6 Qa5xa6
14.Qe2xa6 Ra8xa6
15.a4 Rf8b8
16.Nc3b5 Rb8xb5
17.f3 Rb5b4
18.a5 Rb4b5
19.Bc1d2 Rb5xb2
20.Bd2c3 Rb2b3
21.Ra1c1 Nf6e8
22.Bc3xg7 Kxg7
23.Rc1a1 Rb3b5
24.Ra1b1 Ra6xa5
25.Ng3e2 Ne8c7
26.f4 Nd7b6
27.Ne2c3 Rb5b4
28.Rb1xb4 cxb4
29.Nc3e2 Ra5a2
30.Ne2d4 Nc7a6
31.f5 Na6c5
32.Nd4c6 b3
33.Nc6xe7 b2
{ resign }
0-1

[Event "Tourn. n10054"]
[Site "www.echecsemail.com"]
[Date "2019.02.12"]
[Round "1"]
[White "Souricette64"]
[Black "Cal"]
[WhiteElo "1799"]
[BlackElo "1870"]
[Result "1-0"]
[Round "1"]
1.e4 e5
2.Ng1f3 d6
3.d4 Bc8g4
4.dxe5 h6
5.h3 Bg4h5
6.g4 Bh5g6
7.Nb1c3 Bf8e7
8.Bc1f4 Nb8c6
9.exd6 Be7xd6
10.Bf4xd6 cxd6
11.Bf1d3 Ng8f6
12.Qd1d2 a6
13.O-O-O b5
14.Nc3d5 O-O
15.Qd2f4 Rf8e8
16.Nd5xf6 gxf6
17.Qf4xh6 Ra8a7
18.Rh1e1 Nc6e5
19.Nf3h4 Qd8d7
20.Nh4f5 Bg6xf5
21.gxf5 Ne5f3
22.Re1g1 Nf3g5
23.Qh6xf6 Kh7
24.Qf6xg5 f6
25.Qg5h5 { resign }
1-0

[Event "Match"]
[Site "www.echecsemail.com"]
[Date "2019.02.12"]
[Round "1"]
[White "Logout"]
[Black "Crazybugouse"]
[WhiteElo "2150"]
[BlackElo "1809"]
[Result "1-0"]
[Round "1"]
1.e4 e5
2.Ng1f3 Nb8c6
3.d3 Ng8f6
4.Bc1e3 d5
5.Bf1e2 dxe4
6.dxe4 Qd8xd1
7.Kxd1 Nf6xe4
8.Nb1c3 Ne4xc3
9.bxc3 a6
10.Kd2 f5
11.Rh1d1 f4
12.Be3xf4 exf4
13.Kd3 Bc8f5
14.Kc4  { time }
1-0

[Event "1/128 Finale"]
[Site "www.chess-mail.com"]
[Date "2019.02.12"]
[Round "1"]
[White "Ffdd65"]
[Black "Mitja"]
[WhiteElo "2200"]
[BlackElo "1890"]
[Result "1/2-1/2"]
[Round "1"]
1.e4 d5
2.e5 a6
3.d4 e6
4.Ng1f3 h6
5.Bf1e2 Nb8d7
6.c4 dxc4
7.Be2xc4 Nd7b6
8.Bc4b3 Ng8e7
9.Nb1d2 Ne7d5
10.Nd2c4 Bf8b4
11.Bc1d2 Bb4xd2
12.Qd1xd2 Bc8d7
13.Nc4xb6 cxb6
14.O-O Bd7c6
15.Bb3c4 b5
16.Bc4d3 Qd8c7
17.Ra1c1 Qc7d7
18.Bd3e4 Ra8c8
19.Nf3e1 f5
20.exf6 Nd5xf6
21.Be4g6 Ke7
22.Qd2e3 Bc6d5
23.b3 Rc8xc1
24.Qe3xc1 Rh8c8
25.Qc1e3 Kf8
26.Ne1d3 Qd7e7
27.Nd3f4 Rc8c6
28.Bg6d3 Qe7f7
29.Nf4g6 Kg8
30.Ng6e5 Qf7c7
31.Ne5xc6 bxc6
32.h3 Kf7
33.f4 Qc7e7
34.g4 Ke8
35.Bd3e2 Kd7
36.Be2f3 Bd5xf3
37.Qe3xf3 Nf6d5
38.Rf1e1 Qe7f6
39.Re1e4 g5
40.f5 exf5
41.gxf5 Nd5f4
42.b4 Qf6xf5
43.Kh2 Qf5d5
44.a3 Kd6
45.Kg3 Qd5f5
46.Re4xf4 gxf4
47.Qf3xf4 Qf5xf4
48.Kxf4 Ke6
49.h4 Kf6
50.h5 Ke6
51.Kg4 Kf6
52.Kf4 Ke6
53.Ke4 Kf6
54.Kf4 { draw }
1/2-1/2

[Event "Tourn. n10016"]
[Site "www.echecsemail.com"]
[Date "2019.02.13"]
[Round "1"]
[White "Cemaah"]
[Black "Scasan55"]
[WhiteElo "2099"]
[BlackElo "2020"]
[Result "1-0"]
[Round "1"]
1.e4 c5
2.Ng1f3 d6
3.d4 cxd4
4.Nf3xd4 Ng8f6
5.Nb1c3 a6
6.f3 e6
7.Bc1e3 Bf8e7
8.Qd1d2 O-O
9.O-O-O Qd8c7
10.g4 b5
11.h4 e5
12.Nd4f5 Bc8xf5
13.exf5 b4
14.Nc3d5 Nf6xd5
15.Qd2xd5 Nb8c6
16.g5 Ra8c8
17.Rd1d2 Kh8
18.f6 gxf6
19.gxf6 Be7xf6
20.Qd5xd6 Bf6e7
21.Qd6xc7 Rc8xc7
22.Bf1xa6 Rc7a7
23.Be3xa7 Nc6xa7
24.Rd2d7 Be7c5
25.Rh1e1 Bc5d4
26.Re1e4 Na7c6
27.Ba6b5 Nc6d8
28.Bb5c4 Kg7
29.f4 Nd8c6
30.fxe5 Bd4xe5
31.Bc4d5 Nc6b8
32.Rd7b7 Kf6
33.Re4xb4 Kf5
34.Rb7xf7 Rf8xf7
35.Bd5xf7 Nb8c6
36.Rb4c4 Nc6d4
37.a4 Be5f4
38.Kb1 Nd4f3
39.Rc4b4 Bf4d2
40.Rb4b5 Kf6
41.Bf7b3 Nf3d4
42.Rb5b6 Ke5
43.c3 Nd4f5
44.a5 Nf5e7
45.Rb6e6 { resign }
1-0

[Event "Tourn. n10031"]
[Site "www.echecsemail.com"]
[Date "2019.02.13"]
[Round "1"]
[White "Comrade"]
[Black "Tarasch"]
[WhiteElo "2250"]
[BlackElo "2240"]
[Result "0-1"]
[Round "1"]
1.d4 d5
2.c4 c6
3.e3 Ng8f6
4.Nb1c3 e6
5.Ng1f3 Nb8d7
6.Bf1d3 dxc4
7.Bd3xc4 b5
8.Bc4d3 Bc8b7
9.a3 Bf8d6
10.b4 a5
11.bxa5 O-O
12.O-O Ra8xa5
13.Bc1b2 Qd8a8
14.Qd1b3 Qa8a7
15.Ra1a2 Rf8a8
16.Rf1a1 Nd7b6
17.e4 Bd6f8
18.e5 Nf6d5
19.Nc3xd5 Nb6xd5
20.Nf3g5 h6
21.Ng5e4 Nd5b4
22.Ne4d6 Nb4xa2
23.Ra1xa2 Ra8d8
24.Nd6xb7 Qa7xb7
25.Bd3e4 Rd8a8
26.f4 Ra8a6
27.g4 Qb7a8
28.f5 exf5
29.gxf5 Bf8xa3
30.e6 fxe6
31.Qb3xe6 Kh8
32.Bb2xa3 Ra5xa3
33.Ra2xa3 Ra6xa3
34.Be4xc6 Ra3a1
35.Kg2 Qa8a2
36.Qe6xa2 Ra1xa2
37.Kf3 b4
38.h4 Ra2a3
39.Ke2 Kg8
40.Bc6d5 Kf8
41.Kd2 Ke7
42.Bd5e6 Ra3c3
43.d5 Kd6
44.Be6f7 Rc3c7
45.Bf7e6 b3
{ resign }
0-1

[Event "Tourn. n10048"]
[Site "www.echecsemail.com"]
[Date "2019.02.13"]
[Round "1"]
[White "Fegatux"]
[Black "Coolant"]
[WhiteElo "2170"]
[BlackElo "2270"]
[Result "0-1"]
[Round "1"]
1.d4 Ng8f6
2.c4 e5
3.dxe5 Nf6g4
4.Ng1f3 Bf8c5
5.e3 Nb8c6
6.Bf1e2 Bc5b4
7.Bc1d2 Qd8e7
8.a3 Bb4xd2
9.Qd1xd2 Ng4xe5
10.Nb1c3 Ne5xf3
11.Be2xf3 Nc6e5
12.Bf3e2 c6
13.O-O d6
14.Ra1d1 Bc8e6
15.b3 Ra8d8
16.f4 Ne5g4
17.h3 Ng4h6
18.e4 f5
19.exf5 Nh6xf5
20.Nc3e4 d5
21.Ne4g5 O-O
22.Ng5xe6 Qe7xe6
23.Rf1f3 d4
24.Be2d3 Nf5e3
25.Rd1e1 Qe6d6
26.Qd2f2 Qd6xa3
27.Rf3xe3 dxe3
28.Re1xe3 Qa3a1
29.Kh2 Qa1d4
30.g3 Rd8e8
31.Re3f3 Qd4xf2
32.Rf3xf2 Re8e3
33.Rf2d2 Rf8e8
34.Kg2 g6
35.c5 Kg7
36.Bd3c4 Re8e7
37.Kf2 b5
38.cxb6 axb6
39.Rd2b2 b5
40.Bc4f1 Re3c3
41.Bf1g2 c5
42.Bg2c6 b4
43.Bc6d5 Re7e3
44.Rb2a2 Re3xg3
45.Ra2e2 Rg3xh3
46.Re2e7 Kh6
47.Bd5g8 Rh3f3
48.Kg2 Rf3xf4
49.Re7xh7 Kg5
50.Rh7d7 Rf4d4
51.Rd7f7 Rd4d2
52.Rf7f2 Rd2xf2
53.Kxf2 c4
{ resign }
0-1

[Event "Match"]
[Site "www.echecsemail.com"]
[Date "2019.02.13"]
[Round "1"]
[White "Karlgrocer"]
[Black "Gambitmiau"]
[WhiteElo "1930"]
[BlackElo "1910"]
[Result "1-0"]
[Round "1"]
1.d4 d5
2.Ng1f3 Nb8c6
3.e3 Bc8g4
4.Bf1e2 e5
5.dxe5 Bg4xf3
6.Be2xf3 Ng8e7
7.O-O Nc6xe5
8.Bc1d2 Ne7f5
9.Bd2c3 d4
10.exd4 Ne5xf3
11.Qd1xf3 Qd8d7
12.Qf3xb7 Ra8d8
13.Rf1e1 Bf8e7
14.Nb1d2 O-O
15.Nd2f3 Nf5h4
16.Nf3xh4 Be7xh4
17.g3 Bh4f6
18.Ra1c1 Bf6xd4
19.Bc3xd4 Qd7xd4
20.c3 Qd4b6
21.Qb7xb6 cxb6
22.Re1e7 a5
23.Rc1c2 h5
24.Rc2e2 g5
25.Re2e5 f6
26.Re5e2 Rd8b8
27.Re7c7 Rf8f7
28.Rc7c6 b5
29.Re2e6 Kg7
30.Rc6b6 Rf7b7
31.Rb6a6 a4
32.Re6xf6 Rb8f8
33.Rf6g6 Kf7
34.Rg6h6 h4
35.Rh6h7 { resign }
1-0

[Event "Tourn. n9996"]
[Site "www.echecsemail.com"]
[Date "2019.02.13"]
[Round "1"]
[White "Passaroa25"]
[Black "Yakke"]
[WhiteElo "1660"]
[BlackElo "1700"]
[Result "0-1"]
[Round "1"]
1.Nb1c3 c6
2.Ng1f3 d5
3.d4 f6
4.e3 Bc8g4
5.Bf1e2 Bg4xf3
6.Be2xf3 e6
7.Bc1d2 Bf8b4
8.O-O Bb4xc3
9.Bd2xc3 Ng8e7
10.Ra1b1 O-O
11.Bf3e2 Nb8d7
12.Qd1d3 e5
13.a3 e4
14.Qd3d2 a5
15.b4 b6
16.Be2g4 Nd7b8
17.Bg4e6 Kh8
18.Qd2e2 Qd8d6
19.Be6h3 c5
20.b5 c4
21.a4 Qd6a3
22.Bc3b2 Qa3xa4
23.Bb2c3 Qa4a3
24.Bc3b2 Qa3a4
25.c3 Qa4xb5
26.Qe2c2 f5
27.Bb2a3 Qb5d7
28.Rb1xb6 Nb8c6
29.f4 Qd7a7
30.Rf1b1 Rf8b8
31.Ba3xe7 Nc6xe7
32.Rb6xb8 Ra8xb8
33.g4 fxg4
34.Bh3xg4 Ne7c6
35.Bg4e6 Nc6e7
36.Kf2 a4
37.Rb1xb8 Qa7xb8
38.Qc2xa4 Qb8b2
39.Kg3 h6
40.Qa4a8 Kh7
41.Be6h3 Qb2xc3
42.Kh4 Qc3xe3
43.Qa8e8 Qe3xf4
44.Kh5 Qf4g5

0-1

[Event "Match"]
[Site "www.echecsemail.com"]
[Date "2019.02.13"]
[Round "1"]
[White "Crazybugouse"]
[Black "Caroluigi"]
[WhiteElo "1809"]
[BlackElo "1940"]
[Result "0-1"]
[Round "1"]
1.e3 Ng8f6
2.Ng1f3 d5
3.c4 c6
4.d4 g6
5.Nb1d2 Bf8g7
6.b4 O-O
7.a4 Nb8d7
8.Bc1b2 Rf8e8
9.Bf1e2 Qd8c7
10.Ra1c1 b6
11.O-O Ra8b8
12.b5 Bc8b7
13.cxd5 Nf6xd5
14.bxc6 Bb7xc6
15.Be2b5 Nd5b4
16.Bb2a3 Bc6xf3
 { time }
0-1

[Event "Tourn. n10070"]
[Site "www.echecsemail.com"]
[Date "2019.02.14"]
[Round "1"]
[White "Numanoid"]
[Black "Tarasch"]
[WhiteElo "2720"]
[BlackElo "2260"]
[Result "1-0"]
[Round "1"]
1.b4 d5
2.Bc1b2 Ng8f6
3.e3 Bc8f5
4.Ng1f3 e6
5.c4 Bf8xb4
6.cxd5 exd5
7.Qd1a4 Nb8c6
8.Nf3d4 { resign }
1-0

[Event "Tourn. n10064"]
[Site "www.echecsemail.com"]
[Date "2019.02.14"]
[Round "1"]
[White "Mitja"]
[Black "Fabos12"]
[WhiteElo "1960"]
[BlackElo "1990"]
[Result "1-0"]
[Round "1"]
1.d4 e6
2.e3 Nb8c6
3.c3 b6
4.b3 Bc8b7
5.Ng1f3 Ra8c8
6.Bc1b2 Ng8e7
7.Bf1d3 g6
{ time. }
1-0

[Event "1/128 Finale"]
[Site "www.chess-mail.com"]
[Date "2019.02.14"]
[Round "1"]
[White "Hennie4820"]
[Black "Mitja"]
[WhiteElo "1930"]
[BlackElo "1890"]
[Result "1-0"]
[Round "1"]
1.e4 d5
2.exd5 Qd8xd5
3.Nb1c3 Qd5d8
4.d4 e6
5.Ng1f3 c6
6.Bf1e2 h6
7.O-O Ng8f6
8.Bc1f4 Bf8e7
9.Nf3e5 Nb8d7
10.Bf4g3 Nf6d5
11.Nc3xd5 cxd5
12.c3 Nd7xe5
13.dxe5 O-O
14.b3 b6
15.Qd1d2 a5
16.Ra1d1 Bc8a6
17.Be2xa6 Ra8xa6
18.Qd2e2 Ra6a8
19.c4 d4
20.f4 Be7c5
21.Kh1 Qd8c7
22.Bg3f2 Ra8d8
23.Rd1d3 Rd8d7
24.Rf1d1 Rf8d8
25.Qe2e4 Qc7c8
26.Bf2xd4 Bc5xd4
27.Rd3xd4 Rd7xd4
28.Rd1xd4 Rd8xd4
29.Qe4xd4 Qc8c5
30.Qd4xc5 bxc5
31.Kg1 Kf8
32.Kf2 Ke7
33.Ke3 g6
34.g4 g5
35.fxg5 hxg5
36.Kd3 Kd7
37.a3 Kc6
38.Kc3 Kb6
39.b4 cxb4
40.axb4 axb4
41.Kxb4 Kc6
42.c5 Kd5
43.Kb5 Kxe5
44.c6 Kf4
45.c7 Kxg4
46.c8Q Kf5
47.Qc8c2 Kf6
48.Qc2e4 e5
49.Kc5 Ke6
50.Qe4d5 Kf6
51.Kd6 Kf5
52.Qd5xe5 Kg6
53.Ke7 f6
54.Qe5xf6 Kh5
55.Qf6f5 Kh4
56.Kf6 { resign }
1-0

[Event "Tourn. n10071"]
[Site "www.echecsemail.com"]
[Date "2019.02.15"]
[Round "1"]
[White "Estonia"]
[Black "Balbyns"]
[WhiteElo "2010"]
[BlackElo "2150"]
[Result "0-1"]
[Round "1"]
1.e4 e5
2.Ng1f3 Nb8c6
3.Bf1b5 Ng8f6
4.d3 d6
5.Bc1g5 a6
6.Bb5xc6 bxc6
7.Nb1c3 Bf8e7
8.O-O Ra8b8
9.b3 O-O
10.Bg5xf6 Be7xf6
11.Nf3d2 d5
12.Qd1e1 Rf8e8
13.Nc3a4 Qd8d6
14.c4 Bf6e7
15.c5 Qd6g6
16.f3 Bc8h3
17.Qe1g3 Qg6xg3
18.hxg3 Bh3d7
19.Ra1c1 f5
20.exf5 Bd7xf5
21.Na4b2 Rb8b5
22.g4 Bf5g6
23.Nb2a4 Bg6xd3
24.Rf1e1 Be7g5
25.Na4b2 Bg5xd2
26.Nb2xd3 Bd2xc1
27.Re1xc1 g5
28.Kf2 Kg7
29.g3 Kf6
30.Rc1h1 Kg7
31.Rh1e1 e4
32.fxe4 dxe4
33.Nd3b2 Rb5xc5
34.Nb2c4 a5
35.a4 Kg6
36.Re1e3 Rc5d5
37.Re3c3 Rd5d3
38.Rc3xd3 exd3
39.Kf3 Kf6
{ resign }
0-1

[Event "Tourn. n10065"]
[Site "www.echecsemail.com"]
[Date "2019.02.15"]
[Round "1"]
[White "Bojan"]
[Black "Souricette64"]
[WhiteElo "2020"]
[BlackElo "2179"]
[Result "1-0"]
[Round "1"]
1.e4 c5
2.b3 d5
3.exd5 Qd8xd5
4.Nb1c3 Qd5d8
5.Bc1b2 Ng8f6
6.Qd1f3 Nb8c6
7.Nc3e4 Nf6xe4
8.Qf3xe4 e6
9.O-O-O Qd8g5
10.f4 Qg5g6
11.Bf1d3 Qg6xe4
12.Bd3xe4 Bc8d7
13.Ng1f3 f6
14.d4 cxd4
15.Nf3xd4 Ra8c8
16.Rh1e1 Kf7
17.Nd4b5 a6
18.Rd1xd7 Bf8e7
19.Nb5d6 { resign }
1-0

[Event "Tourn. n10034"]
[Site "www.echecsemail.com"]
[Date "2019.02.15"]
[Round "1"]
[White "Fegatux"]
[Black "Orhany24"]
[WhiteElo "2130"]
[BlackElo "2040"]
[Result "1-0"]
[Round "1"]
1.e4 e5
2.Ng1f3 Nb8c6
3.Bf1c4 Ng8f6
4.d4 exd4
5.O-O d6
6.Rf1e1 Bf8e7
7.Nf3xd4 Nc6e5
8.Bc4b3 c5
9.Nd4f5 O-O
10.Nf5xe7 Qd8xe7
11.Bc1g5 h6
12.Bg5h4 Ne5g6
13.Bh4g3 Ng6e5
14.a3 Bc8e6
15.Bb3d5 Be6xd5
16.exd5 Rf8e8
17.Nb1c3 a6
18.a4 Qe7d7
19.a5 Re8e7
20.f4 Ne5g6
21.Re1xe7 Qd7xe7
22.Qd1f3 Ra8e8
23.Ra1e1 Qe7d7
24.Re1xe8 Qd7xe8
25.h4 Ng6e7
26.Nc3e4 Qe8d7
27.Ne4xf6 gxf6
28.Qf3d3 Ne7f5
29.Bg3f2 h5
30.c4 Kg7
31.Qd3h3 Kg6
32.g4 { resign }
1-0

[Event "Tourn. n10044"]
[Site "www.echecsemail.com"]
[Date "2019.02.15"]
[Round "1"]
[White "Mitja"]
[Black "Picifarkinca"]
[WhiteElo "1930"]
[BlackElo "1990"]
[Result "1/2-1/2"]
[Round "1"]
1.d4 d5
2.e3 c6
3.c3 Ng8f6
4.h3 e6
5.Ng1f3 Bf8d6
6.b3 Nb8d7
7.Bc1b2 e5
8.dxe5 Nd7xe5
9.Nf3xe5 Bd6xe5
10.Nb1d2 O-O
11.Bf1d3 Rf8e8
12.Bd3c2 Qd8c7
13.O-O Be5h2
14.Kh1 Bh2d6
15.Nd2f3 b6
16.Qd1d3 Bd6e5
17.Ra1e1 Nf6e4
18.Nf3xe5 Qc7xe5
19.Bb2a1 Qe5h5
20.Kh2 Bc8f5
21.Qd3e2 Qh5xe2
22.Re1xe2 Ra8d8
23.Bc2xe4 Bf5xe4
24.Rf1c1 b5
{ draw }
1/2-1/2

[Event "Tourn. n10052"]
[Site "www.echecsemail.com"]
[Date "2019.02.15"]
[Round "1"]
[White "Bojan"]
[Black "Iko"]
[WhiteElo "1900"]
[BlackElo "1750"]
[Result "1-0"]
[Round "1"]
1.b3 e5
2.Bc1b2 Nb8c6
3.e3 d5
4.Bf1b5 Bc8d7
5.Bb5xc6 Bd7xc6
6.Bb2xe5 f6
7.Be5d4 Qd8d6
8.Qd1g4 Bc6d7
9.Qg4h5 g6
10.Qh5e2 c5
11.Bd4b2 O-O-O
12.Nb1c3 d4
13.Nc3e4 Qd6d5
14.f3 Bd7f5
15.d3 Bf8e7
16.Ne4g3 dxe3
17.Qe2xe3 Rd8e8
18.O-O-O b6
19.Qe3f4 Be7d6
20.Qf4a4 Qd5b7
21.Qa4xe8 Kc7
22.Ng3xf5 gxf5
23.Rd1e1 Qb7c8
24.Qe8f7 Qc8d7
25.Qf7xd7 Kxd7
26.Ng1e2 Ng8h6
27.Bb2xf6 Rh8f8
28.Bf6g7 Rf8f7
29.Bg7xh6 Rf7f6
30.Bh6f4 Kc6
31.Bf4xd6 Kxd6
32.Ne2g3 f4
33.Ng3e4 Kd5
34.Ne4xf6 Kd6
35.Re1e4 a5
36.Rh1e1 h6
37.Re4e6 Kc7
38.Nf6d5 Kd7
39.Re6xb6 Kd8
40.Re1e7 h5
41.Rb6b8 
1-0

[Event "Tourn. n9997"]
[Site "www.echecsemail.com"]
[Date "2019.02.15"]
[Round "1"]
[White "Aperturaf"]
[Black "Seger"]
[WhiteElo "2700"]
[BlackElo "2820"]
[Result "0-1"]
[Round "1"]
1.e4 e5
2.Ng1f3 Nb8c6
3.Bf1b5 a6
4.Bb5xc6 dxc6
5.O-O Bf8d6
6.d4 exd4
7.Qd1xd4 f6
8.Bc1e3 Bc8e6
9.Nb1d2 Ng8e7
10.Rf1d1 Ne7g6
11.Nd2c4 Be6xc4
12.Qd4xc4 Qd8e7
13.b4 O-O-O
14.a4 Bd6xb4
15.Nf3d4 Ng6e5
16.Qc4b3 g6
17.Rd1b1 c5
18.Nd4e2 Qe7f7
19.Qb3xf7 Ne5xf7
20.c3 Bb4a5
21.Be3xc5 Rh8e8
22.f3 f5
23.Ne2g3 Ba5xc3
24.Ra1a3 Bc3f6
25.Ra3b3 b6
26.Bc5f2 Nf7d6
27.exf5 Nd6xf5
28.Ng3e4 Bf6d4
29.Rb1c1 Kb7
30.g4 Bd4xf2
31.Kxf2 Nf5d6
32.Ne4c5 Ka7
33.Nc5d3 c5
34.Nd3b2 Rd8c8
35.Rb3d3 Re8d8
36.Rd3c3 Nd6b7
37.Rc1b1 Nb7a5
38.Nb2c4 Na5xc4
39.Rc3xc4 Kb7
40.Rc4e4 Rd8d6
41.f4 Kc6
42.f5 b5
43.axb5 axb5
44.Ke2 gxf5
45.gxf5 Rd6f6
46.Re4e5 Kd6
47.Re5e4 b4
{ resign }
0-1

[Event "Match"]
[Site "www.echecsemail.com"]
[Date "2019.02.15"]
[Round "1"]
[White "Add"]
[Black "Stevep84"]
[WhiteElo "2210"]
[BlackElo "2340"]
[Result "0-1"]
[Round "1"]
1.e4 c6
2.d4 d5
3.e5 c5
4.c3 Nb8c6
5.Bc1e3 Qd8b6
6.Qd1b3 Qb6xb3
7.axb3 cxd4
8.Be3xd4 Nc6xd4
9.cxd4 Bc8f5
10.Bf1b5 Bf5d7
11.Bb5xd7 Kxd7
12.Nb1c3 e6
13.Ng1f3 Bf8b4
14.O-O Ng8h6
15.Ra1a4 a5
16.Ra4a1 Ra8c8
17.Nc3a2 Bb4e7
18.Ra1c1 Nh6f5
19.Rc1c3 b5
20.Rf1c1 b4
21.Rc3xc8 Rh8xc8
22.Rc1xc8 Kxc8
23.Na2c1 g5
24.h3 h5
25.Nc1e2 Be7d8
26.Kf1 Kd7
27.g4 hxg4
28.hxg4 Nf5h6
29.Nf3h2 f6
30.f3 fxe5
31.dxe5 Nh6f7
32.f4 gxf4
33.Nh2f3 Bd8c7
34.Ne2xf4 Nf7xe5
35.Nf3xe5 Bc7xe5
36.Nf4d3 Be5d4
37.Kg2 Ke7
{ resign }
0-1

[Event "Tourn. n10047"]
[Site "www.echecsemail.com"]
[Date "2019.02.15"]
[Round "1"]
[White "Jjmcbride"]
[Black "Chessdna"]
[WhiteElo "1590"]
[BlackElo "1499"]
[Result "1-0"]
[Round "1"]
1.b4 e5
2.c3 e4
3.d3 d5
4.dxe4 c5
5.exd5 cxb4
6.c4 g5
7.Bc1b2 f6
8.e4 Qd8a5
9.Nb1d2 g4
10.a3 bxa3
11.Bb2d4 { resign }
1-0

[Event "Tourn. n10055"]
[Site "www.echecsemail.com"]
[Date "2019.02.16"]
[Round "1"]
[White "Add"]
[Black "Bira47"]
[WhiteElo "2200"]
[BlackElo "2040"]
[Result "1-0"]
[Round "1"]
1.e4 c5
2.Ng1f3 e6
3.d4 cxd4
4.Nf3xd4 a6
5.a3 b5
6.Bf1d3 Bc8b7
7.O-O h6
8.Nb1c3 Ng8f6
9.e5 Nf6d5
10.Nc3e4 d6
11.exd6 Bf8xd6
12.Ne4xd6 Qd8xd6
13.Qd1g4 g5
14.Rf1e1 Nd5f4
15.Nd4f5 Qd6f8
16.Bc1xf4 Nb8c6
17.Nf5d6  { time }
1-0

[Event "Match"]
[Site "www.echecsemail.com"]
[Date "2019.02.16"]
[Round "1"]
[White "Guidom"]
[Black "Tbsundar"]
[WhiteElo "2130"]
[BlackElo "2110"]
[Result "1-0"]
[Round "1"]
1.e4 e5
2.Ng1f3 Nb8c6
3.Bf1b5 f5
4.Bb5xc6 dxc6
5.Nf3xe5 Qd8g5
6.Qd1f3 fxe4
7.Qf3f7 { resign }
1-0

[Event "Tourn. n10057"]
[Site "www.echecsemail.com"]
[Date "2019.02.16"]
[Round "1"]
[White "Bojan"]
[Black "Malbertan"]
[WhiteElo "1980"]
[BlackElo "1960"]
[Result "1-0"]
[Round "1"]
1.e4 e5
2.b3 d5
3.exd5 Qd8xd5
4.Bc1b2 Nb8c6
5.f3 Ng8f6
6.Bf1c4 Qd5d8
7.Ng1e2 Bf8c5
8.Ne2g3 O-O
9.Nb1c3 Nc6a5
10.Bc4e2 Bc5d4
11.d3 Nf6d5
12.Qd1d2 Na5c6
13.a3 f5
14.Ra1b1 Bd4e3
15.Qd2d1 Nd5f4
16.Be2f1 Nf4xg2
17.Bf1xg2 f4
18.Ng3e4 Qd8h4
19.Ke2 Nc6d4
20.Kf1 g5
21.Nc3d5 g4
22.Bb2xd4 Be3xd4
23.Nd5xc7 gxf3
24.Bg2xf3 Bc8h3
25.Ke2 Bh3f5
26.Qd1f1 Ra8c8
27.Nc7b5 Rc8xc2
28.Kd1 Bf5h3
29.Qf1e1 Qh4xe1
30.Kxe1 Bd4e3
31.Nb5d6 Rf8d8
32.Kd1 Rc2a2
33.a4 Bh3e6
34.Bf3e2 b6
35.Nd6c4 Be6xc4
36.bxc4 Ra2xa4
37.Ne4f6 Kg7
38.Nf6d5 Be3d4
39.Be2f3 Ra4a3
40.Bf3e4 h6
41.Rh1e1 Kf7
42.Re1e2 Rd8g8
43.Nd5b4 Rg8g1
44.Kc2 Ra3c3
45.Kb2 Rc3xc4
46.Ka3 Rg1xb1
47.dxc4 Bd4c5
48.Be4xb1 a5
49.Re2xe5 Bc5xb4
50.Kb3 Kf6
51.Re5f5 { resign }
1-0

[Event "Tourn. n10049"]
[Site "www.echecsemail.com"]
[Date "2019.02.16"]
[Round "1"]
[White "Fegatux"]
[Black "Fabos12"]
[WhiteElo "2190"]
[BlackElo "2010"]
[Result "1-0"]
[Round "1"]
1.d4 e6
2.c4 Nb8c6
3.Ng1f3 b6
4.Nb1c3 Bc8b7
5.e4 Ng8e7
6.Bf1d3 d5
7.O-O g6
8.cxd5 exd5
9.exd5 Ne7xd5
10.Nc3xd5 Qd8xd5
11.Rf1e1 Bf8e7
12.Bc1g5 Kf8
13.Bg5h6 Kg8
14.Bd3e4 Qd5d8
15.Ra1c1 Be7f8
16.Bh6xf8 Kxf8
17.Be4xc6 Bb7xc6
18.Rc1xc6 Ra8c8
19.d5 h6
20.Qd1d4 { resign }
1-0

[Event "Match"]
[Site "www.echecsemail.com"]
[Date "2019.02.16"]
[Round "1"]
[White "Sonny1000"]
[Black "Caspito"]
[WhiteElo "1590"]
[BlackElo "1770"]
[Result "0-1"]
[Round "1"]
1.e4 Ng8f6
2.Qd1f3 e5
3.d3 d5
4.Bc1g5 d4
5.Bg5xf6 Qd8xf6
6.Qf3g3 Nb8c6
7.h3 Bc8e6
8.Bf1e2 O-O-O
9.a3 h6
10.Ng1f3 Bf8d6
11.Nf3h4 g5
12.Nh4f5 Be6xf5
13.Nb1d2 Bf5e6
14.h4 Rd8g8
15.hxg5 Rg8xg5
16.Qg3h4 Bd6e7
17.Nd2f3 Rg5xg2
18.Qh4h5 Rh8g8
19.Rh1f1 Qf6f4
20.Nf3xe5 Nc6xe5
21.Qh5h1 Be7h4
22.Kd1 Bh4xf2
23.Qh1h5 Ne5g4
24.Rf1h1 Ng4e3
25.Kc1 Ne3c4
26.Kb1 Nc4d2
27.Kc1 Rg2g1
28.Be2f1 Nd2b3
29.Kd1 Qf4d2
{ resign }
0-1

[Event "Tourn. n10064"]
[Site "www.echecsemail.com"]
[Date "2019.02.16"]
[Round "1"]
[White "Picifarkinca"]
[Black "Mitja"]
[WhiteElo "2050"]
[BlackElo "1960"]
[Result "1-0"]
[Round "1"]
1.e4 d5
2.d4 dxe4
3.Nb1c3 e6
4.Nc3xe4 c6
5.Ng1f3 h6
6.Bf1d3 Ng8f6
7.Ne4xf6 Qd8xf6
8.O-O b6
9.c3 Bc8b7
10.Rf1e1 Qf6d8
11.Nf3e5 Nb8d7
12.Bc1f4 Bf8e7
13.Qd1g4 Be7f6
14.Ne5xf7 Kxf7
15.Bd3g6 Kf8
16.Bf4d6 Bf6e7
17.Qg4xe6 { resign }
1-0

[Event "Tourn. n10013"]
[Site "www.echecsemail.com"]
[Date "2019.02.16"]
[Round "1"]
[White "Tartan"]
[Black "Numanoid"]
[WhiteElo "2550"]
[BlackElo "2650"]
[Result "0-1"]
[Round "1"]
1.d4 e6
2.e4 d5
3.Nb1c3 Ng8f6
4.e5 Nf6d7
5.Qd1h5 c5
6.Ng1f3 cxd4
7.Nf3xd4 Qd8b6
8.Nd4b5 Nb8c6
9.Nc3a4 Qb6a5
10.Bc1d2 Qa5xa4
11.Nb5c7 Kd8
12.Nc7xa8 Qa4xc2
13.Qh5g5 f6
14.exf6 gxf6
15.Qg5g3 e5
16.Qg3c3 Qc2xc3
17.Bd2xc3 Nd7c5
18.Ra1d1 Bc8e6
19.Bf1c4 d4
20.Bc4xe6 Nc5xe6
21.f4 Ne6xf4
22.O-O Kc8
23.Bc3d2 Nf4d5
24.Rf1f3 Kb8
25.Na8b6 axb6
26.Rf3h3 Bf8c5
{ resign }
0-1